| 000 | 00703nam a2200217 a 4500 | ||
|---|---|---|---|
| 005 | 20210223124103.0 | ||
| 008 | 010517s1998 r 000 0 eng d | ||
| 020 | _a8420629170 | ||
| 035 | _aUPN01000106356 | ||
| 049 | _aCG | ||
| 050 | 4 |
_aCB151 _bM3.2 |
|
| 100 | 1 | _aMaravall, José Antonio | |
| 245 | 1 | 0 |
_aAntiguos y modernos : _bvisión de la historia e idea de progreso hasta el renacimiento / _cJosé Antonio Maravall. |
| 260 |
_aMadrid : _bAlianza, _c1998. |
||
| 300 | _a628 p. | ||
| 440 | 0 |
_aHistoria y geografía. _pEnsayo ; _v55. _pEl libro universitario |
|
| 650 | 4 |
_aCIVILIZACION - _xHISTORIA _98253 |
|
| 650 | 4 |
_aPROGRESO _917897 |
|
| 651 | 4 |
_aESPAÑA - _xCIVILIZACION _916346 |
|
| 905 | _aLibro | ||
| 999 |
_c80269 _d80269 |
||